La Cuenca del Rio Orotoy. Diagnóstico socioambiental: (Registro nro. 19641)
[ vista simple ]
| 000 -CABECERA | |
|---|---|
| Campo de control | 01000nam a22002297a 4500 |
| 005 - FECHA Y HORA DE LA ULTIMA TRANSACCION | |
| Campo de control | 20180305161224.0 |
| 008 - ELEMENTOS DE LONGITUD FIJA—INFORMACION GENERAL | |
| Campo de control | 170615b2011 ck ob|||r|||| 00| 0 spa d |
| 020 ## - ISBN | |
| ISBN | 9789588594651 |
| 040 ## - FUENTE DE CATALOGACIÓN | |
| Agencia catalogadora original | CO-BoIAVH |
| Agencia transcriptora | CO-BoIAVH |
| 041 ## - IDIOMA | |
| Código de idioma para texto/pista de sonido o título separado | Español |
| 044 ## - PAÍS DE PUBLICACIÓN | |
| País de publicación | Colombia |
| 090 ## - CLASIFICACIÓN LOCAL | |
| Colección | FG- |
| Consecutivo | 0141 |
| 245 ## - MENCION DE TITULO | |
| Título | La Cuenca del Rio Orotoy. Diagnóstico socioambiental: |
| Parte restante del título | Libro resúmen |
| 246 ## - FORMA VARIANTE DEL TITULO | |
| Título propiamente dicho/forma breve del título | Determinación y formulación de las medidas socio-ambientales asociadas a a recuperación del Río Orotoy, en el áera de influencia de la Superintendencia de Operaciones Central Ecopetrol, municipios de Acacías y Castilla Nueva. |
| Parte restante del título | Libro resúmen |
| 260 ## - PUBLICACION, DISTRIBUCION, ETC. (PIE DE IMPRENTA) | |
| Lugar de publicación, distribución, etc. | Villavicencio: |
| Nombre del editor, distribuidor, etc. | Universidad de Los Llanos; |
| -- | Ecopetrol, |
| Fecha de publicación, distribución, etc. | 2011. |
| 300 ## - DESCRIPCION FISICA | |
| Extensión | 84 páginas |
| Otros detalles físicos | ilustraciones a color |
| Dimensiones | 16 x 23 cm |
| 651 1# - ASIENTO SECUNDARIO DE MATERIA - NOMBRE GEOGRAFICO | |
| Nombre geográfico | Río Orotoy |
| Subdivisión geográfica | Colombia |
| 9 (RLIN) | 90142 |
| 700 1# - ASIENTO SECUNDARIO - NOMBRE PERSONAL | |
| Nombre personal | Cara Caro, Clara Inés |
| Término de relación | editor |
| 9 (RLIN) | 7058 |
| 700 1# - ASIENTO SECUNDARIO - NOMBRE PERSONAL | |
| Nombre personal | Torres-Mora, Marco Aurelio |
| Término de relación | editor |
| 9 (RLIN) | 63366 |
| 700 1# - ASIENTO SECUNDARIO - NOMBRE PERSONAL | |
| Nombre personal | Ramírez Gil, Hernando |
| Término de relación | editor |
| 9 (RLIN) | 18421 |
| 942 ## - ELEMENTOS ADICIONALES (KOHA) | |
| Sistema de clasificación | Local |
| Tipo de ítem | Folleto |
| Withdrawn status | Lost status | Sistema de Clasificación | Damaged status | No para préstamo | Colección | Ubicación Permanente | Ubicación actual | Fecha de adquisición | Total Checkouts | Número topográfico | Inventario / Código de Barras | Date last seen | Ejemplar | Price effective from | Forma de adquisición | Tipo de material | Inventariado |
|---|---|---|---|---|---|---|---|---|---|---|---|---|---|---|---|---|---|
| Local | Hemeroteca | Bogotá | Bogotá | 15/06/2017 | FG-0141 | 029636 | 15/06/2017 | Ej. 1 | 15/06/2017 | Donación | Folleto | ||||||
| Local | Hemeroteca | Bogotá | Bogotá | 18/08/2017 | FG-0141 | 042665 | 18/08/2017 | Ej. 2 | 18/08/2017 | Donación | Folleto | Inventariado 2017 |